Meksiko-visa - Statistics

Yleistilastot
  • Tätä visaa on pelattu 535 kertaa
  • Keskiarvotulos 12 / 25
Vastaustilastot
Vihje Vastaus % Oikein
Naapurimaat Yhdysvallat
97%
Väkirikkaimmat metroalueet México
85%
Suosituin urheilulaji Jalkapallo
84%
Naapurimaat Guatemala
82%
Valuutta Peso
81%
Naapurimaat Belize
76%
Alkuperäissivilisaatio, joka tunnetaan pyramideista, kalentereista ja kirjoittamisesta Maya
73%
Pieni koirarotu, joka on nimetty yhden Meksikon osavaltion mukaan Chihuahua
67%
Agaave-kasvista tehty väkevä alkoholijuoma Tequila
64%
Kansalliseläin Maakotka
51%
Niemimaa, jossa Cancún sijaitsee Jukatan
47%
Vuosi, jolloin Meksiko järjesti kesäolympialaiset 1968
44%
Cortésin valloittama sivilisaatio Asteekit
44%
Juhla, jota vietetään 31. lokakuuta - 2. marraskuuta Kuolleiden päivä
35%
Suurin vientituote Öljy
35%
Suuri kaupunki lähellä San Diegoa Tijuana
35%
Väkirikkaimmat metroalueet Guadalajara
34%
Kolme yleisintä sukunimeä (arvaa yksi niistä) Hernández | Garcia | Martinez
34%
Väkirikkaimmat metroalueet Monterrey
30%
Pisin joki Rio Grande
28%
Tyynenmeren kaupunki, joka tunnetaan jyrkänneuimahyppääjistä Acapulco
24%
Kansanmusiikkityyppi, jossa käytetään trumpetteja ja kitaroita Mariachi
14%
Rikkain mies Carlos Slim
13%
Meksikolainen termi ammattilaisnyrkkeilylle {Lucha} Libre
10%
Chilipippurikastike, joka joskus tehdään suklaan kanssa Mole
10%
Ehtoja vastaavia visoja ei löytynyt
Tulosjakauma
Jokaisen tuloksen saaneiden osuus
Persentiili vastausten määrän mukaan
Tuloshistoriasi
Et ole pelannut tätä visaa